000 00215nam a2200073Ia 4500
008 170524s9999 xx 000 0 und d
100 _aGRAY- CLIFFORD F
245 0 _aProject Management : The Managerial Process
260 _bTATA MCGRAW HILL NEW DELHI
999 _c8488
_d8488